书目信息 |
| 题名: |
弗里尼
|
|
| 作者: | 费里尼 , 帕索里尼 , 阿里斯泰戈 著 ;艾敏 译著 | |
| 分册: | ||
| 出版信息: | 济南 山东画报出版社 2016 |
|
| 页数: | 294页 | |
| 开本: | 23cm | |
| 丛书名: | ||
| 单 册: | ||
| 中图分类: | J905.546 | |
| 科图分类: | ||
| 主题词: | 电影评论--dian ying ping lun--意大利--现代 | |
| 电子资源: | ||
| ISBN: | 978-7-5474-1887-1 | |
| 000 | 01263nam0 22003011 450 | |
| 001 | 0119165225 | |
| 005 | 20170619165225.0 | |
| 010 | @a978-7-5474-1887-1@dCNY36.80 | |
| 100 | @a20170328d2016 em y0chiy50 ea | |
| 101 | 1 | @achi@cita |
| 102 | @aCN@b370000 | |
| 105 | @aa z 000yy | |
| 106 | @ar | |
| 200 | 1 | @a弗里尼@9fu li ni@e甜蜜的生活@dFederico Fellini@ela doice vita@f(意)费里尼...(等)著@g艾敏译著@zita |
| 210 | @a济南@c山东画报出版社@d2016 | |
| 215 | @a294页@c图@d23cm | |
| 300 | @a经典影片研究 中国电影艺术研究中心 中国电影资料馆 | |
| 330 | @a本书共分为六部分, 主要内容包括: 人物速写与影像、阿里斯塔尔科《故事与反故事》、《甜蜜的生活》读解、费里尼与主创人员、《甜蜜的生活》剧本等。 | |
| 510 | 1 | @aFederico Fellini@ela doice vita |
| 600 | 0 | @a费里尼@9fei li ni@c(Fellini, Federico@f1920-1993)@x电影评论 |
| 606 | 0 | @a电影评论@9dian ying ping lun@y意大利@z现代 |
| 690 | @aJ905.546@v5 | |
| 701 | 1 | @c(意)@a费里尼@9fei li ni@c(Fellini,Federico@f1920-1993)@4著 |
| 701 | 0 | @c(意)@a帕索里尼@9pa suo li ni@c(Pasolini,Pier Paolo@f1922-1975)@4著 |
| 701 | 0 | @c(意)@a阿里斯泰戈@9a li si tai ge@c(Aristarco,Guido@f1918-)@4著 |
| 702 | 0 | @a艾敏@9ai min@c(女,@f1937-)@4译著 |
| 801 | 0 | @aCN@b百万庄@c20170616 |
| 905 | @b1010451-6@dJ905.546@e328@f6 | |
| 弗里尼:甜蜜的生活=Federico Fellini:la doice vita/(意)费里尼...(等)著/艾敏译著.-济南:山东画报出版社,2016 |
| 294页:图;23cm |
| 经典影片研究 中国电影艺术研究中心 中国电影资料馆 |
| ISBN 978-7-5474-1887-1:CNY36.80 |
| 本书共分为六部分, 主要内容包括: 人物速写与影像、阿里斯塔尔科《故事与反故事》、《甜蜜的生活》读解、费里尼与主创人员、《甜蜜的生活》剧本等。 |
| ● |
| 相关链接 |
|
|
|
|
正题名:弗里尼
索取号:J905.546/328
 
预约/预借
| 序号 | 登录号 | 条形码 | 馆藏地/架位号 | 状态 | 备注 |
| 1 | 1010451 | 210104518 | 第一样本阅览室/ [索取号:J905.546/328] | 在馆 | |
| 2 | 1010452 | 210104527 | 教育系资料室/ [索取号:J905.546/328] | 在馆 | |
| 3 | 1010453 | 210104536 | 教育系资料室/ [索取号:J905.546/328] | 在馆 | |
| 4 | 1010454 | 210104545 | 教育系资料室/ [索取号:J905.546/328] | 在馆 | |
| 5 | 1010455 | 210104554 | 第一借阅区/ [索取号:J905.546/328] | 在馆 | |
| 6 | 1010456 | 210104563 | 第一借阅区/ [索取号:J905.546/328] | 在馆 |